000 00722nas a2200241 4500
001 BR9101220
003 BR-BrBNA
005 20231205091954.0
007 ta
008 230509b bl.|||p| |||| 00| 00por d
040 _aBR-BrBNA
_bpor
_cBiblioteca Nacional de Agricultura
041 _a(Pt)
072 _aF62
100 1 _aVidal, M.R.R.
100 1 _aVidal, W.N.
100 1 _aMussury, R.M.A.
245 1 _aGerminacao e desenvolvimento da plantula de Crotalaria zanzibarica Benth
650 _aCROTALARIA
650 _aPODER GERMINATIVO
773 0 _tRevista Ceres (Brazil)
_xISSN 0034-737X
_g(May-Jun 1990), v. 37(211) p. 185-198
_wBR9101220
909 _a202311
_bLúcia
_c55
_dLúcia Elande
942 _2AGRIS
_n0
_cANA
999 _c128458
_d128458